000 00483nam a2200169Ia 4500
005 20250423094602.0
008 250422s9999 xx 000 0 und d
020 _a9780470146842
050 _aQP 171 .B685/
245 0 _aBiochemical pathways : an atlas of biochemistry and molecular biology
260 _aNew York
260 _bJohn Wiley & Sons
260 _cc1999
300 _a398 p
650 _aMetabolism--Atlases. SCIENCE / Life Sciences / Biochemistry.
942 _cBK
999 _c27683
_d27683